Science Quiz

Random Science or Clickable Quiz

Stars for 1st Constellation Quiz Stats

Quiz not verified by Sporcle

Also try: Cube Roots
Challenge
Share
Tweet
Embed
Score 0/16 Timer 10:00
0 Plays Today
% Correct
Orion
89.6%
Gemini
89%
Gemini
86.4%
Ursa Minor
85.5%
Aries
85%
Draco
83.2%
Ursa Major
82.9%
Orion
82.7%
% Correct
Ursa Major
80.1%
Taurus
79.2%
Leo
79.2%
Pisces
78.9%
Auriga
78.6%
Canis Major
78%
Canis Minor
75.1%
Cancer
70.2%

You're not logged in!

Compare scores with friends on all Sporcle quizzes.
Join for Free
OR
Log In

You Might Also Like...

Show Comments

Extras

Top Quizzes Today


Score Distribution

Your Account Isn't Verified!

In order to create a playlist on Sporcle, you need to verify the email address you used during registration. Go to your Sporcle Settings to finish the process.

Report this User

Report this user for behavior that violates our Community Guidelines.

Details: